[Event "XXV ABIERTO INTERNACIONAL DE A"]
[Site "CAMBADOS"]
[Date "2009.08.07"]
[Round "7.4"]
[White "Permuy Lorenzo, Carlos Javier"]
[Black "Gomez Ledo, Roberto Carlos"]
[Result "0-1"]
[WhiteElo "2297"]
[BlackElo "2404"]
[PlyCount "88"]
[EventDate "2009.08.01"]

1. c4 c6 2. e4 d5 3. exd5 cxd5 4. d4 Nf6 5. Nc3 e6 6. Nf3 Be7 7. Bg5 O-O 8. Bd3
dxc4 9. Bxc4 a6 10. O-O b5 11. Bb3 Bb7 12. Re1 b4 13. Na4 Nbd7 14. Ne5 Nxe5 15.
dxe5 Nd5 16. Bxe7 Qxe7 17. Bxd5 Bxd5 18. Nb6 Bxg2 19. Nxa8 Qg5 20. f4 Qg6 21.
Qd2 Bxa8+ 22. Kf1 f6 23. Rac1 Bd5 24. exf6 Qxf6 25. Re2 Bxa2 26. Qxb4 Qh4 27.
Rf2 Qh3+ 28. Kg1 Bd5 29. Rc3 Qf5 30. Rg3 h6 31. Qd4 Rf7 32. Qd3 Be4 33. Qxa6
Kh7 34. b4 Rd7 35. Qa1 Qf8 36. Qe1 Rd4 37. Re3 Qf5 38. h3 Bb7 39. Rg3 Be4 40.
Qc3 e5 41. Rg4 h5 42. Rg3 Qf6 43. f5 h4 44. Rg6 Rd1+ 0-1

[Event "XXV ABIERTO INTERNACIONAL DE A"]
[Site "CAMBADOS"]
[Date "2009.08.07"]
[Round "7.5"]
[White "Milchev, Nikolay"]
[Black "Paredes Cordo, Jacobo"]
[Result "1-0"]
[WhiteElo "2351"]
[BlackElo "2241"]
[PlyCount "75"]
[EventDate "2009.08.01"]

1. d4 f5 2. g3 Nf6 3. Bg2 g6 4. Nf3 Bg7 5. c4 O-O 6. b4 d6 7. Bb2 c6 8. O-O Qe8
9. Nbd2 Kh8 10. Qc2 Be6 11. a4 Bg8 12. b5 Nbd7 13. Ne1 Rc8 14. bxc6 bxc6 15.
Nd3 e5 16. dxe5 dxe5 17. e4 Nh5 18. f4 exf4 19. Nxf4 Nxf4 20. Rxf4 Be6 21.
Bxg7+ Kxg7 22. Qc3+ Kg8 23. Re1 g5 24. Rf2 Qg6 25. Ref1 Rf7 26. exf5 Bxf5 27.
Be4 Rcf8 28. Rxf5 Rxf5 29. Rxf5 Rxf5 30. Qc2 Qe6 31. Bxf5 Qe3+ 32. Kf1 Nc5 33.
Bxh7+ Kf8 34. Qf5+ Ke7 35. Nf3 Qc1+ 36. Kg2 Qxc4 37. Qxg5+ Kd6 38. Qd8+ 1-0

[Event "XXV ABIERTO INTERNACIONAL DE A"]
[Site "CAMBADOS"]
[Date "2009.08.07"]
[Round "7.6"]
[White "Campos Calvo-Sotelo, Javier"]
[Black "Villar Nieves, Antonio"]
[Result "0-1"]
[WhiteElo "2046"]
[BlackElo "2200"]
[PlyCount "72"]
[EventDate "2009.08.01"]

1. d4 Nf6 2. g3 c5 3. d5 g6 4. Bg2 d6 5. Nc3 Bg7 6. e4 O-O 7. Nge2 Na6 8. O-O
Nc7 9. a4 b6 10. h3 a6 11. Be3 Bd7 12. Qd2 Qc8 13. Kh2 Rd8 14. f4 b5 15. axb5
axb5 16. Rxa8 Nxa8 17. e5 b4 18. exf6 bxc3 19. Nxc3 Bxf6 20. b3 Nc7 21. Ne4 Bg7
22. c3 Qa6 23. b4 cxb4 24. cxb4 Nb5 25. Rc1 Ra8 26. Bf1 Qa3 27. Rb1 Bf5 28.
Bxb5 Bxe4 29. Rc1 Bb2 30. Rd1 Bc3 31. Qe2 Qxb4 32. Bd3 Bxd3 33. Rxd3 Qb5 34.
Rd2 Qb3 35. Rc2 Bf6 36. h4 Qxd5 0-1

[Event "XXV ABIERTO INTERNACIONAL DE A"]
[Site "CAMBADOS"]
[Date "2009.08.07"]
[Round "7.7"]
[White "Sanchez Quiroga, Miguel A"]
[Black "Gonzalez Roca, Pablo"]
[Result "1-0"]
[WhiteElo "2191"]
[BlackElo "1958"]
[PlyCount "68"]
[EventDate "2009.08.01"]

1. e4 c5 2. Nf3 d6 3. d4 cxd4 4. Nxd4 Nf6 5. Nc3 a6 6. f4 e5 7. Nf3 Nbd7 8. a4
Be7 9. Bd3 Qc7 10. O-O O-O 11. Kh1 Nc5 12. fxe5 dxe5 13. Nh4 Nfxe4 14. Nxe4
Nxd3 15. Qxd3 Bxh4 16. Ng5 Bxg5 17. Bxg5 Be6 18. b3 f6 19. Be3 Rad8 20. Qe2 Rd7
21. Rad1 Rfd8 22. Rxd7 Qxd7 23. Qf2 Qd5 24. Qg3 Kh8 25. Qh4 Rd7 26. Qb4 Kg8 27.
Kg1 Bf7 28. h3 Bg6 29. Rf2 Qd1+ 30. Kh2 Bxc2 31. Qc4+ Qd5 32. Qxc2 Qd3 33. Qc8+
Rd8 34. Qe6+ Kh8 1-0

[Event "XXV ABIERTO INTERNACIONAL DE A"]
[Site "CAMBADOS"]
[Date "2009.08.07"]
[Round "7.8"]
[White "Salgado Gonzalez, Julio"]
[Black "Ramos Fernandez, Pedro"]
[Result "0-1"]
[WhiteElo "1920"]
[BlackElo "2122"]
[PlyCount "76"]
[EventDate "2009.08.01"]

1. d4 d5 2. Bf4 g6 3. e3 Bg7 4. Nd2 Nf6 5. Bd3 c5 6. c3 Qb6 7. Rb1 Nc6 8. Ngf3
cxd4 9. exd4 Nh5 10. Be3 Qc7 11. O-O O-O 12. Re1 Rb8 13. Nf1 b5 14. a3 a5 15.
Rc1 a4 16. Qd2 Na5 17. Rc2 Nc4 18. Bxc4 bxc4 19. Ng3 Rb6 20. Nxh5 gxh5 21. Bf4
Qb7 22. Qe2 Bf5 23. Rd2 Re6 24. Qd1 Bg4 25. Re3 Re4 26. g3 Qa6 27. Qf1 Bh6 28.
Rxe4 dxe4 29. Ne5 Bxf4 30. gxf4 Bf5 31. Qxc4 Qh6 32. f3 exf3 33. Nxf3 Qxf4 34.
Rg2+ Kh8 35. Ng5 Bg6 36. Qe2 f6 37. Ne6 Qc1+ 38. Qf1 Qe3+ 0-1

[Event "XXV ABIERTO INTERNACIONAL DE A"]
[Site "CAMBADOS"]
[Date "2009.08.07"]
[Round "7.9"]
[White "Galard Agustin, Tomas E"]
[Black "Quinta, Daniel"]
[Result "0-1"]
[WhiteElo "1904"]
[BlackElo "2088"]
[PlyCount "84"]
[EventDate "2009.08.01"]

1. Nf3 d5 2. d4 Nf6 3. c4 e6 4. Nc3 Be7 5. e3 O-O 6. Be2 Nbd7 7. O-O b6 8. cxd5
exd5 9. Re1 Bb7 10. Bd3 Ne4 11. Qe2 f5 12. Bd2 a6 13. Rec1 Bd6 14. a3 g5 15.
Be1 Qf6 16. Nd2 Qh6 17. g3 Qg6 18. f3 Nxd2 19. Bxd2 Qf6 20. Qf2 Rae8 21. Re1
Kg7 22. f4 g4 23. Qg2 Qf7 24. Bb1 h5 25. Ba2 Nf6 26. b4 h4 27. Rac1 Rh8 28. Bb1
Rh5 29. Kf2 Reh8 30. Rh1 Qg6 31. Ba2 Qh7 32. Bb1 hxg3+ 33. Ke2 Rxh2 34. Rxh2
gxh2 35. Rh1 Ne4 36. Nxe4 dxe4 37. Bc3 Bd5 38. Kf2 Be7 39. Ke2 Qh3 40. Qxh3
Rxh3 41. Be1 Bc4+ 42. Kd2 Bf1 0-1

[Event "XXV ABIERTO INTERNACIONAL DE A"]
[Site "CAMBADOS"]
[Date "2009.08.07"]
[Round "7.10"]
[White "Villar Perez, Samuel"]
[Black "Gomez Dieguez, David"]
[Result "1-0"]
[WhiteElo "2075"]
[BlackElo "1795"]
[PlyCount "67"]
[EventDate "2009.08.01"]

1. e4 Nc6 2. Nf3 e5 3. d4 exd4 4. Nxd4 Qh4 5. Be2 Qxe4 6. Nb5 Bb4+ 7. N1c3
Bxc3+ 8. bxc3 Kd8 9. O-O a6 10. Nd4 Nxd4 11. cxd4 Nf6 12. Bf3 Qg6 13. c4 d6 14.
Qb3 Re8 15. c5 Ke7 16. Ba3 Kf8 17. cxd6 cxd6 18. Bxd6+ Kg8 19. Rfe1 Ne4 20. Bf4
b5 21. Bxe4 Rxe4 22. Qd5 Bb7 23. Qxb7 Rae8 24. Rxe4 Qxe4 25. Qxe4 Rxe4 26. Be3
f5 27. g3 h6 28. h4 Kf7 29. Rc1 Re6 30. Rc7+ Kg6 31. d5 Re5 32. Rxg7+ Kxg7 33.
Bd4 Kf6 34. f4 1-0

[Event "XXV ABIERTO INTERNACIONAL DE A"]
[Site "CAMBADOS"]
[Date "2009.08.08"]
[Round "8.1"]
[White "Fernandez Cardoso, Alexey"]
[Black "Guerra Mendez, Jose A"]
[Result "1/2-1/2"]
[WhiteElo "2419"]
[BlackElo "2408"]
[PlyCount "26"]
[EventDate "2009.08.01"]

1. e4 d6 2. d4 Nf6 3. Nc3 e5 4. dxe5 dxe5 5. Qxd8+ Kxd8 6. Bc4 Ke8 7. Nge2 c6
8. a4 Nbd7 9. Be3 Bc5 10. Bxc5 Nxc5 11. f3 Be6 12. Bxe6 Nxe6 13. O-O-O Rd8
1/2-1/2

[Event "XXV ABIERTO INTERNACIONAL DE A"]
[Site "CAMBADOS"]
[Date "2009.08.08"]
[Round "8.2"]
[White "Gomez Ledo, Roberto Carlos"]
[Black "Milchev, Nikolay"]
[Result "1/2-1/2"]
[WhiteElo "2404"]
[BlackElo "2351"]
[PlyCount "37"]
[EventDate "2009.08.01"]

1. Nf3 Nf6 2. c4 c6 3. d4 d5 4. e3 e6 5. Nc3 Nbd7 6. Qc2 Bd6 7. b3 O-O 8. Be2
dxc4 9. bxc4 e5 10. O-O exd4 11. exd4 Re8 12. Rd1 Nf8 13. Rb1 Ng6 14. Ne5 Qe7
15. f4 c5 16. Nb5 cxd4 17. Nxd6 Qxd6 18. c5 Qe7 19. Bb5 1/2-1/2

[Event "XXV ABIERTO INTERNACIONAL DE A"]
[Site "CAMBADOS"]
[Date "2009.08.08"]
[Round "8.3"]
[White "Gomez Garrido, Camilo"]
[Black "Villar Nieves, Antonio"]
[Result "1-0"]
[WhiteElo "2461"]
[BlackElo "2200"]
[PlyCount "139"]
[EventDate "2009.08.01"]

1. e4 c5 2. Nf3 Nc6 3. d4 cxd4 4. Nxd4 Nf6 5. Nc3 e5 6. Ndb5 d6 7. Bg5 a6 8.
Na3 b5 9. Bxf6 gxf6 10. Nd5 Bg7 11. c4 f5 12. cxb5 Nd4 13. Bd3 fxe4 14. Bxe4
axb5 15. Nc2 Ne6 16. O-O Rb8 17. Nce3 Nd4 18. Rc1 O-O 19. Qh5 h6 20. Nc2 Qg5
21. Qxg5 Ne2+ 22. Kh1 hxg5 23. Rcd1 Be6 24. Rfe1 Nf4 25. g3 Nxd5 26. Bxd5 Rfd8
27. Nb4 Rbc8 28. Kg2 Rc5 29. Re2 Bf8 30. b3 Rdc8 31. Red2 Bf5 32. f3 Be7 33.
Bb7 Rb8 34. Be4 Bxe4 35. fxe4 Rbc8 36. Kf3 Kg7 37. Kg4 Kg6 38. Nd5 Bd8 39. Ne3
Be7 40. Nf5 Bf8 41. h4 gxh4 42. gxh4 Rc2 43. h5+ Kh7 44. Kg5 R8c6 45. Kf6 d5+
46. Kxf7 Rxd2 47. Rxd2 dxe4 48. Rd5 Bh6 49. Rxe5 Bg5 50. Ke8 Ra6 51. Rxe4 Rxa2
52. Rb4 Re2+ 53. Kd7 Re5 54. Nd6 Be7 55. Rf4 Bxd6 56. Kxd6 Rxh5 57. Kc6 Kg6 58.
Rb4 Kf6 59. Rxb5 Rh3 60. b4 Ke6 61. Rc5 Rh8 62. b5 Rc8+ 63. Kb6 Rh8 64. Rc1 Kd7
65. Kb7 Kd6 66. b6 Rg8 67. Ka7 Rg2 68. Ra1 Kc6 69. b7 Rg7 70. Ka8 1-0

[Event "XXV ABIERTO INTERNACIONAL DE A"]
[Site "CAMBADOS"]
[Date "2009.08.08"]
[Round "8.4"]
[White "Sanchez Quiroga, Miguel A"]
[Black "Rodriguez Lopez, Rafael"]
[Result "1/2-1/2"]
[WhiteElo "2191"]
[BlackElo "2304"]
[PlyCount "108"]
[EventDate "2009.08.01"]

1. e4 c6 2. d4 d5 3. Nc3 dxe4 4. Nxe4 Bf5 5. Ng3 Bg6 6. h4 h6 7. Nh3 e6 8. Nf4
Bh7 9. Bc4 Nf6 10. O-O Bd6 11. Re1 O-O 12. c3 Re8 13. Ngh5 Nxh5 14. Qxh5 Nd7
15. g3 Nf6 16. Qf3 Qc7 17. Nd3 Nd5 18. Ne5 Rad8 19. Bd3 Bxd3 20. Nxd3 b5 21.
Be3 a5 22. Rad1 a4 23. a3 Rd7 24. Qg4 Kh7 25. h5 Nxe3 26. Rxe3 Red8 27. Qe4+
Kg8 28. Ne5 Bxe5 29. Qxe5 Qb6 30. Red3 Rd5 31. Qe2 R8d7 32. Re3 c5 33. Re5 cxd4
34. Rxd5 Rxd5 35. cxd4 Qd8 36. Rc1 Qd7 37. Rc5 Rxc5 38. dxc5 Qc6 39. Qe5 Kf8
40. Qb8+ Ke7 41. Qa7+ Qd7 42. Qb6 Qd1+ 43. Kg2 Qd5+ 44. Kg1 Qd1+ 45. Kg2 Qd5+
46. f3 Qd2+ 47. Kh3 Qxb2 48. Qd6+ Kf6 49. c6 Qc2 50. g4 Qe2 51. Qf4+ Ke7 52.
Qc7+ Kf6 53. Qf4+ Ke7 54. Qc7+ Kf6 1/2-1/2

[Event "XXV ABIERTO INTERNACIONAL DE A"]
[Site "CAMBADOS"]
[Date "2009.08.08"]
[Round "8.5"]
[White "Petkov, Vladimir"]
[Black "Quinta, Daniel"]
[Result "1-0"]
[WhiteElo "2429"]
[BlackElo "2088"]
[PlyCount "85"]
[EventDate "2009.08.01"]

1. Nf3 d5 2. c4 e6 3. b3 Nf6 4. Bb2 Be7 5. e3 O-O 6. Nc3 b6 7. Qc2 Bb7 8. Be2
c5 9. cxd5 exd5 10. d4 Nbd7 11. O-O Rc8 12. Rac1 Ne4 13. Qb1 Nxc3 14. Bxc3 Bf6
15. Rfd1 Re8 16. Qb2 Qc7 17. Qa3 Nf8 18. dxc5 Bxc3 19. Rxc3 bxc5 20. Rdc1 Ne6
21. Bb5 Red8 22. Nd4 Qe5 23. Nxe6 fxe6 24. Bf1 Rf8 25. Rxc5 Rxc5 26. Qxc5 Qf5
27. Qc2 Qxc2 28. Rxc2 Rc8 29. Rxc8+ Bxc8 30. f4 Kf7 31. Bd3 h6 32. b4 Ke7 33.
Kf2 Kd6 34. g4 e5 35. Kg3 e4 36. Be2 d4 37. exd4 Kd5 38. f5 Kxd4 39. Kf4 Bb7
40. h4 Kc3 41. b5 Kd2 42. Bf1 Ke1 43. Bg2 1-0

[Event "XXV ABIERTO INTERNACIONAL DE A"]
[Site "CAMBADOS"]
[Date "2009.08.08"]
[Round "8.6"]
[White "Bello Filgueira, Joaquin"]
[Black "Permuy Lorenzo, Carlos Javier"]
[Result "0-1"]
[WhiteElo "1935"]
[BlackElo "2297"]
[PlyCount "69"]
[EventDate "2009.08.01"]

1. e4 c5 2. Nf3 g6 3. Nc3 Bg7 4. d4 cxd4 5. Nxd4 Nc6 6. Be3 Nf6 7. Bc4 O-O 8.
Qd2 Ng4 9. Nxc6 bxc6 10. Bd4 Bh6 11. Qe2 d6 12. h3 Ne5 13. Bxe5 dxe5 14. O-O
Qb6 15. b3 a5 16. Na4 Qa7 17. Rad1 Rb8 18. c3 Kh8 19. Kh1 Bd7 20. Nb2 Be8 21.
Rd3 Qc7 22. Re1 Bg7 23. Red1 f5 24. f3 Bh6 25. Be6 Rf6 26. exf5 gxf5 27. Rd7
Bxd7 28. Rxd7 Qb6 29. Qxe5 Qb5 30. Qxb5 cxb5 31. Rxe7 Bf8 32. Rd7 Rxe6 33. Nd3
Rd6 34. Ne5 Rxd7 35. Nxd7 0-1

[Event "XXV ABIERTO INTERNACIONAL DE A"]
[Site "CAMBADOS"]
[Date "2009.08.08"]
[Round "8.7"]
[White "Paredes Cordo, Jacobo"]
[Black "Villar Perez, Samuel"]
[Result "0-1"]
[WhiteElo "2241"]
[BlackElo "2075"]
[PlyCount "82"]
[EventDate "2009.08.01"]

1. e4 e6 2. d4 d5 3. Nd2 c5 4. exd5 Qxd5 5. Ngf3 cxd4 6. Bc4 Qd6 7. O-O Nf6 8.
Nb3 Nc6 9. Nbxd4 Nxd4 10. Nxd4 a6 11. a4 Qc7 12. Qe2 Bd6 13. h3 O-O 14. Bg5 Nd7
15. Rad1 Ne5 16. Bb3 b6 17. c3 Ng6 18. Bc2 Re8 19. h4 Bb7 20. Qg4 Nf4 21. Bf6
g6 22. f3 Nd5 23. Bg5 h5 24. Qh3 Bf4 25. Rfe1 Bxg5 26. hxg5 Qf4 27. Be4 Qxg5
28. c4 Nf4 29. Qh2 Bxe4 30. Rxe4 e5 31. Nc6 f6 32. Kf2 Qf5 33. Nb4 Rad8 34. Nd5
Nxd5 35. cxd5 Qc8 36. Ke1 Qc5 37. g4 Rxd5 38. Rxd5 Qxd5 39. gxh5 Rd8 40. Kf2
Qd1 41. Re2 Rd2 0-1

[Event "XXV ABIERTO INTERNACIONAL DE A"]
[Site "CAMBADOS"]
[Date "2009.08.08"]
[Round "8.8"]
[White "Ramos Fernandez, Pedro"]
[Black "Gonzalez Trigal, Jose Luis"]
[Result "1/2-1/2"]
[WhiteElo "2122"]
[BlackElo "1999"]
[PlyCount "27"]
[EventDate "2009.08.01"]

1. Nf3 Nf6 2. c4 c6 3. b3 d5 4. Bb2 e6 5. e3 Nbd7 6. d4 Bd6 7. Bd3 O-O 8. O-O
Qe7 9. Nbd2 e5 10. dxe5 Nxe5 11. Nxe5 Bxe5 12. Bxe5 Qxe5 13. Qc2 h6 14. e4
1/2-1/2

[Event "XXV ABIERTO INTERNACIONAL DE A"]
[Site "CAMBADOS"]
[Date "2009.08.08"]
[Round "8.9"]
[White "Martinez Fernandez, Raul"]
[Black "Pena Torres, Jose Carlos"]
[Result "1-0"]
[WhiteElo "1788"]
[BlackElo "2111"]
[PlyCount "91"]
[EventDate "2009.08.01"]

1. e4 e6 2. d4 d5 3. Nc3 Bb4 4. exd5 exd5 5. Bd3 Nc6 6. a3 Bxc3+ 7. bxc3 Nge7
8. Qh5 Be6 9. Nf3 Qd7 10. Ng5 O-O-O 11. O-O g6 12. Qe2 Nf5 13. Nxe6 fxe6 14.
Bg5 Rdf8 15. Rfe1 h6 16. Bf4 Nfxd4 17. cxd4 Rxf4 18. Qxe6 Nxd4 19. Qxg6 Rhf8
20. Qxh6 Qg4 21. h3 Qg8 22. Re8+ Rxe8 23. Qxf4 Qh8 24. Rd1 Kb8 25. Kh2 Rf8 26.
Qe3 Qf6 27. Be4 c5 28. Bxd5 Rd8 29. Qg3+ Kc8 30. c4 Re8 31. Qg4+ Kc7 32. Rb1 b6
33. a4 Ne2 34. a5 Qxf2 35. axb6+ axb6 36. Qg7+ Kd8 37. Ra1 Qf4+ 38. g3 Qxg3+
39. Qxg3 Nxg3 40. Ra8+ Ke7 41. Rxe8+ Kxe8 42. Kxg3 Kd7 43. Bb7 b5 44. cxb5 Kc7
45. Bc6 c4 46. Kf3 1-0

[Event "XXV ABIERTO INTERNACIONAL DE A"]
[Site "CAMBADOS"]
[Date "2009.08.08"]
[Round "8.10"]
[White "Arellano Pardo, Martin"]
[Black "Campos Calvo-Sotelo, Javier"]
[Result "0-1"]
[WhiteElo "1687"]
[BlackElo "2046"]
[PlyCount "122"]
[EventDate "2009.08.01"]

1. e4 d5 2. Nc3 d4 3. Nce2 g6 4. Ng3 Bg7 5. Nf3 e5 6. Bc4 Ne7 7. d3 a5 8. a4
Nd7 9. Bg5 Nc5 10. h4 h5 11. Nh2 Be6 12. Bxe6 Nxe6 13. Qc1 Qd7 14. Ne2 Nc6 15.
Bd2 Nc5 16. f4 exf4 17. Nxf4 Ne5 18. O-O c6 19. Qe1 b6 20. Qg3 O-O 21. c3 Nb3
22. Rad1 Nxd2 23. Rxd2 Rad8 24. Rfd1 Kh7 25. c4 Qe7 26. Nh3 Bh6 27. Ng5+ Kg8
28. Re2 f6 29. Ngf3 Kh7 30. Nxe5 fxe5 31. Nf3 Rf4 32. Ng5+ Bxg5 33. Qxg5 Qxg5
34. hxg5 Rdf8 35. Rdd2 Rg4 36. Kh2 c5 37. Kh3 Rxg5 38. Rf2 Rf4 39. g3 Rxf2 40.
Rxf2 Kg7 41. Rf1 Rg4 42. Rf2 Rg5 43. Rg2 Kf7 44. Rf2+ Ke7 45. Rf1 Rg4 46. Rf2
Rg5 47. b4 cxb4 48. Rc2 Kd6 49. Rb2 Rg4 50. Rc2 Kc5 51. Rb2 Rxe4 52. dxe4 d3
53. Kg2 Kxc4 54. Kf2 Kc3 55. Rb1 Kc2 56. Rh1 b3 57. Ke3 b2 58. Rh2+ Kc3 59. Rh1
d2 60. Rd1 g5 61. Ke2 h4 0-1

[Event "XXV ABIERTO INTERNACIONAL DE A"]
[Site "CAMBADOS"]
[Date "2009.08.09"]
[Round "9.1"]
[White "Guerra Mendez, Jose A"]
[Black "Gomez Ledo, Roberto Carlos"]
[Result "1/2-1/2"]
[WhiteElo "2408"]
[BlackElo "2404"]
[PlyCount "28"]
[EventDate "2009.08.01"]

1. Nf3 Nf6 2. d4 d5 3. c4 e6 4. Nc3 c5 5. e3 Nc6 6. Be2 dxc4 7. Bxc4 Be7 8. O-O
cxd4 9. exd4 O-O 10. Bg5 Nd5 11. Bxe7 Ncxe7 12. Rc1 Nxc3 13. bxc3 b6 14. Qe2
Bb7 1/2-1/2

[Event "XXV ABIERTO INTERNACIONAL DE A"]
[Site "CAMBADOS"]
[Date "2009.08.09"]
[Round "9.2"]
[White "Milchev, Nikolay"]
[Black "Gomez Garrido, Camilo"]
[Result "0-1"]
[WhiteElo "2351"]
[BlackElo "2461"]
[PlyCount "148"]
[EventDate "2009.08.01"]

1. d4 d5 2. Nf3 c6 3. c4 e6 4. Qc2 Nf6 5. g3 dxc4 6. Qxc4 b5 7. Qb3 Bb7 8. Bg2
a6 9. a4 c5 10. dxc5 Nbd7 11. Be3 Bxc5 12. axb5 Bd5 13. Qd3 Bxe3 14. Qxe3 axb5
15. Rxa8 Qxa8 16. O-O O-O 17. Nc3 Bc6 18. Qd4 Rb8 19. b4 Nb6 20. Bh3 Bxf3 21.
exf3 Nbd5 22. f4 Qc6 23. Nxd5 Qxd5 24. Rd1 Rd8 25. Qxd5 Rxd5 26. Ra1 g6 27. Ra5
Ne4 28. Bf1 Rd1 29. Kg2 Rd2 30. Bxb5 Rxf2+ 31. Kg1 Rb2 32. Bc6 Rxb4 33. Bxe4
Rxe4 34. Kf2 Rb4 35. h4 Rb2+ 36. Kf3 Rb3+ 37. Kf2 h5 38. Ra8+ Kg7 39. Ra5 Kf6
40. Ra7 e5 41. fxe5+ Ke6 42. Rc7 Rb5 43. Kf3 Rxe5 44. g4 hxg4+ 45. Kxg4 Rd5 46.
Rc6+ Ke7 47. Ra6 Kf8 48. Ra8+ Kg7 49. Ra7 Rf5 50. Rb7 Rf1 51. Kg5 Rg1+ 52. Kf4
Kh6 53. Rb8 Ra1 54. Rh8+ Kg7 55. Rb8 Ra4+ 56. Kg3 Re4 57. Ra8 f5 58. Ra7+ Kh6
59. Ra8 Re3+ 60. Kg2 Kh5 61. Rh8+ Kg4 62. Rh6 Rg3+ 63. Kf2 Kf4 64. Rh8 Ra3 65.
Rh6 Ra2+ 66. Kf1 Ra6 67. h5 Ra1+ 68. Kg2 g5 69. Rb6 Ra2+ 70. Kg1 g4 71. h6 Ra7
72. Rg6 Kf3 73. Rg7 Ra1+ 74. Kh2 f4 0-1

[Event "XXV ABIERTO INTERNACIONAL DE A"]
[Site "CAMBADOS"]
[Date "2009.08.09"]
[Round "9.3"]
[White "Rodriguez Lopez, Rafael"]
[Black "Fernandez Cardoso, Alexey"]
[Result "0-1"]
[WhiteElo "2304"]
[BlackElo "2419"]
[PlyCount "60"]
[EventDate "2009.08.01"]

1. Nf3 d5 2. d4 Nf6 3. c4 c6 4. Nc3 e6 5. cxd5 exd5 6. Bg5 h6 7. Bh4 Be7 8. Qc2
Na6 9. a3 Qa5 10. Nd2 g6 11. Nb3 Qd8 12. e3 Bf5 13. Bd3 Bxd3 14. Qxd3 O-O 15.
O-O Re8 16. Rac1 Bd6 17. Bxf6 Qxf6 18. Rc2 h5 19. Na4 Re7 20. Nbc5 Nxc5 21.
Nxc5 Rae8 22. b4 a6 23. Rb1 h4 24. Qd1 Qg5 25. Qf3 f5 26. g3 hxg3 27. hxg3 f4
28. exf4 Re1+ 29. Rxe1 Rxe1+ 30. Kg2 Qh6 0-1

[Event "XXV ABIERTO INTERNACIONAL DE A"]
[Site "CAMBADOS"]
[Date "2009.08.09"]
[Round "9.4"]
[White "Villar Perez, Samuel"]
[Black "Petkov, Vladimir"]
[Result "0-1"]
[WhiteElo "2075"]
[BlackElo "2429"]
[PlyCount "48"]
[EventDate "2009.08.01"]

1. Nf3 d5 2. d4 Nf6 3. c4 e6 4. Nc3 Bb4 5. Bd2 O-O 6. e3 b6 7. cxd5 exd5 8. Qc2
a6 9. Bd3 Bb7 10. O-O Re8 11. Rac1 Bd6 12. Ne2 Nbd7 13. Ng3 g6 14. Bc3 Ne4 15.
Nd2 Qh4 16. Bxe4 dxe4 17. Nc4 Bf8 18. Rfd1 Nf6 19. Ne5 Rad8 20. Qa4 Bd6 21. Nf1
Nd5 22. Nc4 Nxc3 23. Rxc3 b5 24. g3 Qh5 0-1

[Event "XXV ABIERTO INTERNACIONAL DE A"]
[Site "CAMBADOS"]
[Date "2009.08.09"]
[Round "9.5"]
[White "Permuy Lorenzo, Carlos Javier"]
[Black "Sanchez Quiroga, Miguel A"]
[Result "1/2-1/2"]
[WhiteElo "2297"]
[BlackElo "2191"]
[PlyCount "90"]
[EventDate "2009.08.01"]

1. e4 c6 2. d4 d5 3. f3 e6 4. Nc3 Nf6 5. Bg5 Qa5 6. Bxf6 gxf6 7. exd5 cxd5 8.
Bb5+ Nc6 9. Nge2 Bd7 10. O-O a6 11. Ba4 h5 12. Kh1 h4 13. f4 h3 14. g3 f5 15.
a3 b5 16. Bb3 Bg7 17. Na2 Qb6 18. c3 Na5 19. Ng1 Nc4 20. Qe2 a5 21. Nc1 a4 22.
Ba2 O-O-O 23. Nd3 Kb8 24. Nf3 Rc8 25. Nfe5 Be8 26. Nc5 Rc7 27. Ned3 Nd6 28. b3
axb3 29. Bxb3 Ne4 30. Rfc1 Nxc5 31. Nxc5 Rxc5 32. dxc5 Qxc5 33. Qd3 Bc6 34. Bd1
d4+ 35. Bf3 dxc3 36. Rf1 Kc7 37. Rad1 Bf6 38. Qe2 Ra8 39. Rd3 Ra4 40. Rc1 Rxa3
41. Bxc6 Qxc6+ 42. Kg1 Qc5+ 43. Kf1 Qc6 44. Kg1 Qc5+ 45. Kf1 Qc6 1/2-1/2

[Event "XXV ABIERTO INTERNACIONAL DE A"]
[Site "CAMBADOS"]
[Date "2009.08.09"]
[Round "9.6"]
[White "Villar Nieves, Antonio"]
[Black "Martinez Fernandez, Raul"]
[Result "1-0"]
[WhiteElo "2200"]
[BlackElo "1788"]
[PlyCount "87"]
[EventDate "2009.08.01"]

1. d4 d5 2. Nf3 Nf6 3. Bf4 Bf5 4. e3 e6 5. c4 Bxb1 6. Qxb1 Bb4+ 7. Kd1 Ne4 8.
Qc2 c6 9. Bd3 Nf6 10. Ke2 Nbd7 11. Qb3 dxc4 12. Bxc4 Qb6 13. Rhd1 O-O 14. h3
Be7 15. Qxb6 Nxb6 16. Bb3 Rac8 17. Rac1 c5 18. dxc5 Bxc5 19. Be5 Be7 20. Nd4
Rxc1 21. Rxc1 Rc8 22. Rxc8+ Nxc8 23. Nxe6 Nd7 24. Bg3 Nc5 25. Nxc5 Bxc5 26. Bd5
b6 27. e4 Nd6 28. Kd3 Kf8 29. f4 f6 30. Be1 a5 31. a3 Ke7 32. e5 fxe5 33. fxe5
Nf5 34. b4 axb4 35. axb4 Bg1 36. g4 Nd4 37. Bh4+ Kd7 38. Be4 h6 39. Bf5+ Nxf5
40. gxf5 Bh2 41. Ke4 Bg1 42. Be1 Ke7 43. Bc3 Bf2 44. b5 1-0

[Event "XXV ABIERTO INTERNACIONAL DE A"]
[Site "CAMBADOS"]
[Date "2009.08.09"]
[Round "9.7"]
[White "Campos Calvo-Sotelo, Javier"]
[Black "Ramos Fernandez, Pedro"]
[Result "0-1"]
[WhiteElo "2046"]
[BlackElo "2122"]
[PlyCount "81"]
[EventDate "2009.08.01"]

1. d4 Nf6 2. g3 g6 3. Bg2 Bg7 4. e4 d6 5. Ne2 O-O 6. O-O Na6 7. c3 c5 8. h3 Rb8
9. Be3 b6 10. Nd2 Nc7 11. Qc2 Ba6 12. Rfe1 e5 13. Rad1 Qe7 14. Kh1 Rfc8 15.
dxe5 dxe5 16. f4 Nh5 17. c4 Ne6 18. Qa4 Bb7 19. Kh2 Bc6 20. Qa3 exf4 21. gxf4
Qc7 22. Rf1 g5 23. Kg1 gxf4 24. Bf2 Kh8 25. Qf3 Qe5 26. Nc3 Rg8 27. Nd5 Bh6 28.
b4 Bxd5 29. cxd5 Nd4 30. Bxd4 Qxd4+ 31. Kh2 Qe5 32. Nc4 Qg5 33. Nd6 Rbf8 34.
bxc5 bxc5 35. Nf5 Ng3 36. Nxg3 fxg3+ 37. Kh1 Bg7 38. d6 Bd4 39. Qf5 Qd8 40. Qd5
Rg5 41. Rf5 0-1

[Event "XXV ABIERTO INTERNACIONAL DE A"]
[Site "CAMBADOS"]
[Date "2009.08.09"]
[Round "9.8"]
[White "Gonzalez Trigal, Jose Luis"]
[Black "Gonzalez Roca, Pablo"]
[Result "1-0"]
[WhiteElo "1999"]
[BlackElo "1958"]
[PlyCount "119"]
[EventDate "2009.08.01"]

1. d4 Nf6 2. Nf3 e6 3. c4 d5 4. Nc3 c6 5. e3 Nbd7 6. Bd3 dxc4 7. Bxc4 b5 8. Bd3
a6 9. e4 c5 10. e5 cxd4 11. Nxb5 axb5 12. exf6 Qb6 13. O-O Nxf6 14. a4 Rxa4 15.
Rxa4 bxa4 16. Qxa4+ Bd7 17. Qa8+ Qd8 18. Qa7 Be7 19. Ne5 O-O 20. Bg5 Be8 21. f4
Nd5 22. Bxe7 Nxe7 23. Qc5 f6 24. Nf3 Bf7 25. Nxd4 Qd5 26. Qxd5 Nxd5 27. f5 e5
28. Ne6 Bxe6 29. fxe6 Rb8 30. Ra1 Ne7 31. b4 f5 32. Ra7 Kf8 33. Bxf5 g6 34. Bd3
Rxb4 35. Kf2 Rd4 36. Rd7 Rxd7 37. exd7 Nc6 38. Bb5 Nd8 39. Ke3 Ke7 40. Ke4 Kd6
41. h4 Ne6 42. Ke3 Ke7 43. Ke4 Kd6 44. Ke3 h6 45. g3 Kc5 46. Bd3 g5 47. h5 Kd6
48. Bb5 Kc5 49. Ba4 Kd6 50. Ke4 Nc5+ 51. Kf5 Nxd7 52. Bxd7 Kxd7 53. Kxe5 Ke7
54. Kf5 Kf7 55. g4 Kg7 56. Ke6 Kg8 57. Kf6 Kh7 58. Kf7 Kh8 59. Kg6 Kg8 60. Kxh6
1-0

[Event "XXV ABIERTO INTERNACIONAL DE A"]
[Site "CAMBADOS"]
[Date "2009.08.09"]
[Round "9.10"]
[White "Banobre Gonzalez, Francisco"]
[Black "Paredes Cordo, Jacobo"]
[Result "0-1"]
[WhiteElo "1888"]
[BlackElo "2241"]
[PlyCount "62"]
[EventDate "2009.08.01"]

1. e4 c5 2. Nf3 e6 3. c3 Nf6 4. e5 Nd5 5. Bc4 Nb6 6. Bb3 c4 7. Bc2 d5 8. exd6
Bxd6 9. O-O Qc7 10. d4 Bd7 11. Re1 Bc6 12. Nbd2 N8d7 13. Ne4 Be7 14. Nfg5 Nf6
15. Nxf6+ Bxf6 16. Qh5 g6 17. Qg4 Nd5 18. Bd2 Bg7 19. Rxe6+ fxe6 20. Nxe6 Qd7
21. Re1 Kf7 22. Qh3 Rae8 23. Ng5+ Kg8 24. Rxe8+ Qxe8 25. b3 b5 26. Qg3 Bh6 27.
Nf3 Bxd2 28. Nxd2 Qe7 29. h3 Kg7 30. Ne4 Rf8 31. bxc4 bxc4 0-1